000 00558nam a2200193 i 4500
001 143243
003 ES-MaACL
005 20240129175500.0
007 t|
008 070214s1966 sp r ||||1| cat d
100 1 _aSerrahima, Maurici.
_9105674
245 1 0 _aVida i obra de Joan Maragall /
_cMaurici Serrahima.
250 _a[1ยช ed.].
260 _aBarcelona [etc.] :
_bBruguera,
_c1966.
300 _a110 p. ;
_c18 cm.
600 1 4 _aMaragall, Joan,
_d1860-1911
_9152432
852 _aES-MaACL
_jC-29508
_bR.59769
999 _c143243
_d143243